000 00611nam a2200193Ia 4500
005 20260114185617.0
008 008 260114s9999 xx 000 0 eng d
020 _a9781474281126
037 _aEBOOK
040 _aCRL
_beng
_cCRL
041 _aeng
_2eng
084 _qCRL
100 _aJorge Dagnino, Matthew Feldman and Paul Stocker
_9872186
245 4 _aThe "New Man" in Radical Right Ideology and Practice, 1919-45
260 _bBloomsbury
_c2018
856 _uhttps://doi.org/10.5040/9781474281126?locatt=label:secondary_bloomsburyCollections
942 _cEBOOK
999 _c1471134
_d1471134